Tropical forest fruits : Seeds, seedling and trees
| Format: | Book |
|---|---|
| Published: |
Kepong, Selangor :
FRIM ,
2014
|
| Subjects: |
MARC
| LEADER | 00000cam a2200000 7i4500 | ||
|---|---|---|---|
| 001 | 0000004083 | ||
| 005 | 20160419.0 | ||
| 020 | 0 | 0 | |a 9789670622224 |
| 090 | 0 | 0 | |a 634.9 |b TROP 2014 |
| 245 | 0 | 0 | |a Tropical forest fruits : |b Seeds, seedling and trees |c F.S.P.Ng |
| 260 | 0 | 0 | |a Kepong, Selangor : |b FRIM , |c 2014 |
| 300 | |a v.427 pages : |b ill. ; |c 27 cm. | ||
| 500 | 0 | 0 | |a Includes index |
| 650 | 0 | 0 | |a Forests and forestry |
| 650 | 0 | 0 | |a Rain forest plants |
| 998 | |a JPSM | ||
| 999 | |a 007947 |b Monograph |c Open Shelf |e Default branch | ||